000 01375nam a2200181Ia 4500
008 151202s9999||||xx |||||||||||||| ||und||
082 _bPNVM-121967
100 _aनार्वेकर रमाकांत/भोगे दादासाहेब वैद्यराज.
245 _aएकादशी महात्म्य अर्थात उपवास आणि आरोग्य भोगे दादासाहेबवैद्यराज व्याख्यानांवरून.
260 _b"विजया नार्वेकर,मुंबई."
260 _c1970
300 _a48
600 _aनार्वेकर रमाकांत/भोगे दादासाहेब वैद्यराज.
630 _aएकादशी महात्म्य अर्थात उपवास आणि आरोग्य भोगे दादासाहेबवैद्यराज व्याख्यानांवरून.
700 _aनार्वेकर रमाकांत/भोगे दादासाहेब वैद्यराज.
730 _aएकादशी महात्म्य अर्थात उपवास आणि आरोग्य भोगे दादासाहेबवैद्यराज व्याख्यानांवरून.
942 _cBOOK
999 _c1352096
_d1352093